Проблемы освоения углеводородного сырья Арктики; Творчество юных - шаг в успешное будущее

Bibliografiske detaljer
Parent link:Творчество юных - шаг в успешное будущее.— 2016.— [С. 132-133]
Hovedforfatter: Соломатин В. П.
Institution som forfatter: Национальный исследовательский Томский политехнический университет (ТПУ) Институт природных ресурсов (ИПР) Кафедра геологии и разработки нефтяных месторождений (ГРНМ)
Andre forfattere: Казак Д. В. (научный руководитель), Максимова Ю. А. Юлия Анатольевна
Summary:Заглавие с титульного экрана
Sprog:russisk
Udgivet: 2016
Serier:Природные ресурсы Арктики и их освоение
Fag:
Online adgang:http://earchive.tpu.ru/handle/11683/36840
Format: MixedMaterials Electronisk Book Chapter
KOHA link:https://koha.lib.tpu.ru/cgi-bin/koha/opac-detail.pl?biblionumber=621935

MARC

LEADER 00000naa2a2200000 4500
001 621935
005 20231101133203.0
035 |a (RuTPU)RU\TPU\conf\20583 
035 |a RU\TPU\conf\20582 
090 |a 621935 
100 |a 20170131d2016 k y0rusy50 ca 
101 0 |a rus 
102 |a RU 
105 |a y z 101zy 
135 |a drgn ---uucaa 
181 0 |a i  
182 0 |a b 
200 1 |a Проблемы освоения углеводородного сырья Арктики  |f В. П. Соломатин, Д. В. Казак  |g науч. рук. Ю. А. Максимова 
203 |a Текст  |c электронный 
225 1 |a Природные ресурсы Арктики и их освоение 
230 |a 1 компьютерный файл (pdf; 346 Kb) 
300 |a Заглавие с титульного экрана 
320 |a [Библиогр.: с. 133 (4 назв.)] 
463 1 |0 (RuTPU)RU\TPU\conf\20537  |t Творчество юных - шаг в успешное будущее  |o Арктика и её освоение  |o материалы IX Всероссийской научной молодежной конференции с международным участием с элементами научной школы имени профессора М.К. Коровина, г. Томск, 10-14 октября 2016 г.  |f Национальный исследовательский Томский политехнический университет (ТПУ) ; под ред. А. Ю. Дмитриева  |v [С. 132-133]  |d 2016 
610 1 |a труды учёных ТПУ 
610 1 |a электронные ресурсы 
610 1 |a углеводороды 
610 1 |a месторождения 
610 1 |a Арктика 
610 1 |a арктический шельф 
610 1 |a нефтегазовые проекты 
700 1 |a Соломатин  |b В. П. 
701 1 |a Казак  |b Д. В. 
702 1 |a Максимова  |b Ю. А.  |c специалист в области нефтепромыслового оборудования  |c старший преподаватель Томского политехнического университета  |f 1979-  |g Юлия Анатольевна  |2 stltpush  |4 727 
712 0 2 |a Национальный исследовательский Томский политехнический университет (ТПУ)  |b Институт природных ресурсов (ИПР)  |b Кафедра геологии и разработки нефтяных месторождений (ГРНМ)  |h 258  |2 stltpush  |3 (RuTPU)RU\TPU\col\18657 
801 2 |a RU  |b 63413507  |c 20170210  |g RCR 
856 4 |u http://earchive.tpu.ru/handle/11683/36840 
942 |c BK